000 00490nam a2200181Ia 4500
008 240925s9999 xx 000 0 und d
020 _a9781847940865
082 _a153.83 CHI
100 _aHeath, Chip ; Heath, Dan
245 0 _aDecisive: how to make better decisions
250 _aNA
260 _aUttar Pradesh:
_bRandom House
_c,2013.
300 _a326p.
_b0
_fOriginal
500 _aIncludes Index
600 _aHumanities & Natural Science
650 _aPsychology
942 _cBK
999 _c17133
_d17133